La investigación científica: su estrategia y su filosofía
Saved in:
| Hovedforfatter: | |
|---|---|
| Format: | Bog |
| Sprog: | spansk |
| Udgivet: |
Ciudad de México
Siglo XXI
2004
|
| Udgivelse: | 3a. ed |
| Fag: | |
| Tags: |
Tilføj Tag
Ingen Tags, Vær først til at tagge denne postø!
|
MARC
| LEADER | 00000nam a2200000 a 4500 | ||
|---|---|---|---|
| 001 | UCK3475 | ||
| 003 | CL-VaPUC | ||
| 008 | 050429e20040000MX |||||||||||||||||spa|d | ||
| 020 | |a 9682322251 | ||
| 082 | 0 | 4 | |a 001.4 |b BUN |2 21 |
| 100 | 0 | |a Bunge, Mario |e author |9 491517 | |
| 245 | 1 | 3 | |a La investigación científica: su estrategia y su filosofía |
| 250 | |a 3a. ed | ||
| 300 | |a 805 p | ||
| 942 | |c BK | ||
| 945 | |d 20050429 00:00:00 |a cmena | ||
| 260 | |a Ciudad de México |b Siglo XXI |c 2004 | ||
| 650 | 0 | |a Investigación científica |9 259857 | |
| 650 | 0 | |a Actividades científicas |9 340111 | |
| 650 | 0 | |a Investigación y desarrollo (I+D) |9 324714 | |
| 650 | 0 | |a Métodos de investigación |9 262618 | |
| 650 | 0 | |a Ciencia y tecnología |9 260585 | |
| 583 | |a last modification |c 20050429 00:00:00 |k Rodrigo Vera | ||
| 999 | |c 312617 |d 312615 | ||
| 952 | |0 0 |1 0 |4 0 |6 001_400000000000000_BUN_2004 |7 0 |8 A |9 383160 |a BIBCUR |b BIBCUR |d 2019-11-21 |i 4118383 |o 001.4 BUN 2004 |p 4118383 |r 2025-04-22 |w 2019-11-21 |y BK |k QUI | ||
| 952 | |0 0 |1 0 |4 0 |6 001_400000000000000_BUN_2004 |7 0 |8 A |9 383161 |a BIBCUR |b BIBCUR |d 2019-11-21 |i 4118391 |o 001.4 BUN 2004 |p 4118391 |r 2025-04-22 |w 2019-11-21 |y BK |k QUI | ||
| 952 | |0 0 |1 0 |4 0 |6 001_400000000000000_BUN_2004 |7 0 |8 A |9 383163 |a BIBCUR |b BIBCUR |d 2019-11-21 |i 4179838 |o 001.4 BUN 2004 |p 4179838 |r 2025-04-22 |w 2019-11-21 |y BK |k QUI | ||
| 952 | |0 0 |1 0 |4 0 |6 001_400000000000000_BUN_2004 |7 0 |8 A |9 383167 |a BIBCUR |b BIBCUR |d 2019-11-21 |i 476868K |l 1 |o 001.4 BUN 2004 |p 476868K |r 2025-04-22 |s 2024-03-12 |w 2019-11-21 |y BK |k MDC | ||